000 01155nam a2200241 i 4500
001 45148
003 ES-MaACL
005 20251004063105.0
007 t|
008 030325s1914 sp |||| | spa d
080 _a811.92
100 1 _aCodorniu y Stárico, Ricardo,
_d1846-1923
_939445
245 1 0 _aD. Bonifacio Sotos Ochando, el Doctor Zamenhof y los idiomas de su invención :
_bdatos bibliográficos relativos al proyecto de lengua universal de D. Bonifacio Sotos Ochando /
_cRicardo Codorniu y Stárico.
260 _aMurcia :
_b[s.n.],
_c1914 (
_fImp. Sucesores de Nogués)
300 _a24 p. ;
_c22 cm.
530 _aDisponible en formato digital.
594 _aConferencia leída en el Círculo de Bellas Artes e Instrucción Popular de Murcia el día 7 de diciembre de 1913, publicada por acuerdo del Grupo Esperantista de Murcia.
650 4 _aLenguas artificiales.
_9136381
710 2 _aCírculo de Bellas Artes (Murcia)
_9170835
852 4 _aES-MaACL
_jT-1392-F-7
_z- Enc. en un vol. facticio
856 4 _uhttp://bdh-rd.bne.es/viewer.vm?id=0000242968&page=1
_zBiblioteca Digital Hispánica
999 _c45148
_d45148